000 00761nas a2200265 4500
001 BR0702554
003 BR-BrBNA
005 20231205110801.0
007 ta
008 230509b bl.|||p| |||| 00| 00por d
040 _aBR-BrBNA
_bpor
_cBiblioteca Nacional de Agricultura
041 _a(Pt)
072 _aL70
100 1 _aMatera, J.M.
100 1 _aTatarunas, A.C.
245 1 _aDuas abordagens artroscópicas para a articulação escapulo umeral no cão
650 _aCÃO
650 _aARTICULAÇÃO
650 _aCARTILAGEM
650 _aTENDÃO
650 _aAUTOPSIA
773 0 _tCiência Rural (Brazil)
_xISSN 0103-8478
_g(Mar-Apr 2007), v. 37(2) p. 432-437
_wBR0702554
909 _a202311
_bLúcia
_c55
_dLúcia Elande
942 _2AGRIS
_n0
_cANA
999 _c189046
_d189046